[Event "38th Barczay Memorial 2019"]
[Site "Zalakaros"]
[Date "2019.05.28"]
[Round "6.10"]
[White "Tompa, Janos"]
[Black "Fucak, Emilio Milko"]
[Result "1/2-1/2"]
[WhiteElo "2356"]
[BlackElo "2180"]
[Annotator "ChessBase"]
[PlyCount "81"]
[EventDate "2019.05.23"]
[EventType "swiss"]
[EventCountry "HUN"]
[SourceTitle "playchess.com"]
[Source "ChessBase"]
[SourceQuality "1"]
[TimeControl "40/5400+30:1800+30"]

1. e4 {[%emt 0:00:12]} e6 {[%emt 0:01:40]} 2. d4 {[%emt 0:00:20]} d5 {[%emt 0:00:01]} 3. Nd2 {[%emt 0:00:09]} Be7 {[%emt 0:00:14]} 4. Bd3 {[%emt 0:01:19]} c5 {[%emt 0:00:40]} 5. dxc5 {[%emt 0:00:59]} Bxc5 {[%emt 0:00:23]} 6. Ngf3 {[%emt 0:01:39]} Nf6 {[%emt 0:02:10]} 7. Qe2 {[%emt 0:01:28]} Nc6 {[%emt 0:05:36]} 8. O-O {[%emt 0:02:36]} Qc7 {[%emt 0:06:12]} 9. c4 {[%emt 0:08:45]} dxe4 {[%emt 0:11:14]} 10. Nxe4 {[%emt 0:00:21]} Nxe4 {[%emt 0:01:11]} 11. Bxe4 {[%emt 0:02:11]} Bd7 {[%emt 0:03:51]} 12. Be3 {[%emt 0:03:13]} Bxe3 {[%emt 0:15:14]} 13. Qxe3 {[%emt 0:00:22]} h6 {[%emt 0:08:09]} 14. Qa3 {[%emt 0:11:01]} a5 {[%emt 0:05:29]} 15. Rfd1 {[%emt 0:05:45]} Nb4 {[%emt 0:04:11]} 16. Qc3 {[%emt 0:07:07]} O-O {[%emt 0:01:11]} 17. Ne5 {[%emt 0:04:19]} Bc6 {[%emt 0:01:21]} 18. Nxc6 {[%emt 0:08:08]} Nxc6 {[%emt 0:00:12]} 19. Rd2 {[%emt 0:07:43]} Rfd8 {[%emt 0:02:41]} 20. Rad1 {[%emt 0:00:32]} Rxd2 {[%emt 0:00:09]} 21. Rxd2 {[%emt 0:00:08]} Rd8 {[%emt 0:00:11]} 22. Rxd8+ {[%emt 0:03:04]} Qxd8 {[%emt 0:00:23]} 23. g3 {[%emt 0:01:11]} f5 {[%emt 0:06:07]} 24. Bxc6 {[%emt 0:01:08]} bxc6 {[%emt 0:00:01]} 25. Qe5 {[%emt 0:00:14]} Kf7 {[%emt 0:02:30]} 26. b3 {[%emt 0:03:41]} g5 {[%emt 0:01:14]} 27. h3 {[%emt 0:05:06]} h5 {[%emt 0:00:36]} 28. Kg2 {[%emt 0:00:43]} h4 {[%emt 0:07:06]} 29. gxh4 {[%emt 0:04:19]} gxh4 {[%emt 0:00:01]} 30. Qf4 {[%emt 0:03:49]} Kg6 {[%emt 0:02:33]} 31. a3 {[%emt 0:01:46]} c5 {[%emt 0:02:21]} 32. Qe5 {[%emt 0:00:55]} Qa8+ {[%emt 0:00:23]} 33. Kg1 {[%emt 0:00:56]} Qc6 {[%emt 0:00:08]} 34. Qh8 {[%emt 0:00:39]} Qd6 {[%emt 0:03:05]} 35. Qg8+ {[%emt 0:03:49]} Kf6 {[%emt 0:00:56]} 36. Qh8+ {[%emt 0:00:57]} Kg6 {[%emt 0:00:09]} 37. Qg8+ {[%emt 0:00:38]} Kf6 {[%emt 0:00:02]} 38. Kg2 {[%emt 0:00:35]} Qc6+ {[%emt 0:02:42]} 39. Kg1 {[%emt 0:00:57]} Qd6 {[%emt 0:01:23]} 40. Kg2 {[%emt 0:00:00]} Qc6+ {[%emt 0:00:00]} 41. Kg1 {[%emt 0:04:03]} 1/2-1/2

[Event "38th Barczay Memorial 2019"]
[Site "Zalakaros"]
[Date "2019.05.28"]
[Round "6.11"]
[White "Ianov, Viktor"]
[Black "Pasti, Aron"]
[Result "1-0"]
[WhiteElo "2298"]
[BlackElo "2164"]
[Annotator "ChessBase"]
[PlyCount "101"]
[EventDate "2019.05.23"]
[EventType "swiss"]
[EventCountry "HUN"]
[SourceTitle "playchess.com"]
[Source "ChessBase"]
[SourceQuality "1"]
[TimeControl "40/5400+30:1800+30"]

1. Nf3 {[%emt 0:03:32]} Nf6 {[%emt 0:01:07]} 2. g3 {[%emt 0:00:12]} g6 {[%emt 0:00:25]} 3. b3 {[%emt 0:00:25]} Bg7 {[%emt 0:00:07]} 4. Bb2 {[%emt 0:00:07]} O-O {[%emt 0:00:17]} 5. Bg2 {[%emt 0:00:07]} d5 {[%emt 0:00:45]} 6. c4 {[%emt 0:00:10]} c6 {[%emt 0:03:05]} 7. O-O {[%emt 0:00:43]} Bf5 {[%emt 0:01:05]} 8. d3 {[%emt 0:00:11]} Nbd7 {[%emt 0:00:29]} 9. Nd4 {[%emt 0:00:14]} e5 {[%emt 0:05:44]} 10. Nxf5 {[%emt 0:00:11]} gxf5 {[%emt 0:00:03]} 11. cxd5 {[%emt 0:00:43]} cxd5 {[%emt 0:02:43]} 12. Nd2 {[%emt 0:00:17]} Qe7 {[%emt 0:04:23]} 13. Nf3 {[%emt 0:00:33]} Rfd8 {[%emt 0:01:23]} 14. Rc1 {[%emt 0:00:47]} Ne8 {[%emt 0:51:25]} 15. Nh4 {[%emt 0:01:19]} Qe6 {[%emt 0:01:41]} 16. Bh3 {[%emt 0:00:12]} Nd6 {[%emt 0:00:13]} 17. e4 {[%emt 0:00:55]} dxe4 {[%emt 0:01:07]} 18. dxe4 {[%emt 0:00:08]} Nb6 {[%emt 0:07:26]} 19. Qe2 {[%emt 0:01:32]} Qh6 {[%emt 0:02:02]} 20. Bxf5 {[%emt 0:01:12]} Bf6 {[%emt 0:00:30]} 21. Qg4+ {[%emt 0:05:50]} Qg5 {[%emt 0:04:18]} 22. Qh3 {[%emt 0:04:19]} Qh6 {[%emt 0:02:54]} 23. Rfd1 {[%emt 0:02:32]} Bxh4 {[%emt 0:01:12]} 24. gxh4 {[%emt 0:00:29]} Qf4 {[%emt 0:02:40]} 25. Qg3+ {[%emt 0:00:48]} Qxg3+ {[%emt 0:00:04]} 26. hxg3 {[%emt 0:00:09]} Nxf5 {[%emt 0:00:15]} 27. exf5 {[%emt 0:00:10]} f6 {[%emt 0:00:43]} 28. Kg2 {[%emt 0:00:28]} Rac8 {[%emt 0:00:26]} 29. Rxc8 {[%emt 0:00:32]} Rxc8 {[%emt 0:00:04]} 30. Rd2 {[%emt 0:00:08]} Kf7 {[%emt 0:00:25]} 31. Kf3 {[%emt 0:00:21]} Rc7 {[%emt 0:00:45]} 32. Ke4 {[%emt 0:00:21]} Nd7 {[%emt 0:00:53]} 33. Ba3 {[%emt 0:00:11]} Nb8 {[%emt 0:01:47]} 34. g4 {[%emt 0:00:48]} h6 {[%emt 0:02:09]} 35. f4 {[%emt 0:00:25]} Nc6 {[%emt 0:00:38]} 36. fxe5 {[%emt 0:00:22]} Nxe5 {[%emt 0:00:09]} 37. g5 {[%emt 0:00:22]} Ng4 {[%emt 0:01:24]} 38. g6+ {[%emt 0:01:34]} Ke8 {[%emt 0:00:36]} 39. h5 {[%emt 0:00:55]} Ne5 {[%emt 0:01:31]} 40. Rg2 {[%emt 0:00:00]} Rc8 {[%emt 0:00:00]} 41. Bb2 {[%emt 0:03:24]} Nd7 {[%emt 0:00:30]} 42. Bd4 {[%emt 0:00:35]} Kf8 {[%emt 0:00:19]} 43. Rd2 {[%emt 0:01:47]} Rc7 {[%emt 0:03:32]} 44. Be3 {[%emt 0:01:10]} Kg7 {[%emt 0:00:10]} 45. Rd6 {[%emt 0:00:47]} Ne5 {[%emt 0:06:51]} 46. Bxa7 {[%emt 0:03:05]} Rc2 {[%emt 0:00:30]} 47. Bd4 {[%emt 0:01:51]} Rxa2 {[%emt 0:01:47]} 48. Bxe5 {[%emt 0:00:11]} Re2+ {[%emt 0:00:05]} 49. Kf4 {[%emt 0:00:34]} Rxe5 {[%emt 0:00:04]} 50. Rd7+ {[%emt 0:00:08]} Kg8 {[%emt 0:00:02]} 51. Rxb7 {[%emt 0:00:29]} 1-0

[Event "38th Barczay Memorial 2019"]
[Site "Zalakaros"]
[Date "2019.05.29"]
[Round "7.1"]
[White "Bagi, Mate"]
[Black "Bokros, Albert"]
[Result "1/2-1/2"]
[WhiteElo "2450"]
[BlackElo "2461"]
[Annotator "TA"]
[PlyCount "20"]
[EventDate "2019.05.23"]
[EventType "swiss"]
[EventCountry "HUN"]
[SourceTitle "playchess.com"]
[Source "ChessBase"]
[SourceQuality "1"]

{[%evp 9,20,-6,-2,-2,-5,-11,0,0,0,-9,0,-12,0]} 1. d4 d5 2. Nc3 Nf6 3. Bf4 e6 4. e3 Bd6 5. Nf3 O-O {The position is equal.} 6. Bd3 {D00: 1 d4 d5: Unusual lines} b6 7. O-O Bb7 8. Bxd6 $146 ({Predecessor:} 8. Re1 Nbd7 9. Ne5 a6 10. Qf3 Be7 11. Qh3 c5 12. a3 {½-½ (59) Jobava,B (2713)-Radjabov,T (2724) Dubai 2014}) 8... cxd6 9. a4 a6 10. Qe2 Nbd7 1/2-1/2

[Event "38th Barczay Memorial 2019"]
[Site "Zalakaros"]
[Date "2019.05.29"]
[Round "7.2"]
[White "Persanyi, Barnabas"]
[Black "Czebe, Attila"]
[Result "0-1"]
[WhiteElo "2404"]
[BlackElo "2427"]
[Annotator "TA"]
[PlyCount "78"]
[EventDate "2019.05.23"]
[EventType "swiss"]
[EventCountry "HUN"]
[SourceTitle "playchess.com"]
[Source "ChessBase"]
[SourceQuality "1"]

{[%evp 15,78,13,14,0,25,14,13,21,12,23,43,29,27,25,27,-32,-34,-35,-31,-44,5,5,5,6,37,-90,-96,-107,-104,-104,-104,-101,-97,-97,-97,-97,-94,-106,-95,-104,-87,-127,-112,-127,-102,-87,-70,-131,-120,-160,-157,-562,-553,-639,-634,-29951,-29951,-29944,-29949,-29956,-12249,-29965,-29967,-29967,-29961]} 1. Nf3 g6 2. g3 b6 3. Bg2 Bb7 4. O-O Bg7 5. d4 Nf6 6. c4 O-O 7. Nc3 Ne4 8. Nxe4 Bxe4 9. Bg5 {A50: Queen's Fianchetto Defence (1 d4 Nf6 2 c4 b6)} c5 10. Qd2 cxd4 11. Nxd4 {The position is equal.} Bxg2 12. Kxg2 Qc7 13. Bxe7 $146 ({Predecessor:} 13. Rac1 Nc6 14. Nxc6 dxc6 15. b3 Rad8 16. Qc2 Rd7 {0-1 (59) Vogel,R (2425)-Iturrizaga Bonelli,E (2624) Dresden 2016}) 13... Re8 14. Ba3 Qxc4 15. Rfd1 (15. Nf3 $11) 15... Nc6 $36 {[%cal Rc6d4][%mdl 2048] White is under pressure.} 16. Nf3 Rxe2 17. Qxd7 {Rac1 is the strong threat.} Bxb2 (17... Qc2 $5 {[%cal Re2f2]} 18. Rd2 Rxd2 19. Qxd2 Qxd2 20. Nxd2 Ne5 $11) 18. Bxb2 Rxb2 19. Rac1 Qe2 20. Rd2 (20. Qxc6 $14 Qxf2+ 21. Kh3 Qg2+ 22. Kg4 Rb4+ 23. Rc4 Rxc4+ 24. Qxc4) 20... Rxd2 $17 21. Qxd2 Qxd2 22. Nxd2 {[%mdl 4096] Endgame KRN-KRN} Nb4 23. a3 Nd5 24. Ne4 Re8 25. Kf3 Kg7 26. g4 h6 27. h3 Re7 28. Nd6 Re6 29. Ne4 Ne7 30. Rc7 Nc6 31. g5 {[#]} ({White should try} 31. Kf4 $15) 31... Nd4+ $1 32. Ke3 {[#]} Nb5 $1 {[%cal Rb5c7][%mdl 64] Double Attack} 33. gxh6+ $2 (33. Rd7 $17 {nothing else works.}) 33... Kxh6 $19 34. Rxf7 {[#]} Rxe4+ $1 {[%mdl 576] Remove Defender, Decoy} 35. Kxe4 $17 {And now Kd3 would win. KR-KN} Nd6+ {[%mdl 64] Double Attack} 36. Kd5 Nxf7 37. Kc6 Ne5+ 38. Kb7 Nc4 39. Kxa7 b5 {Accuracy: White = 26%, Black = 63%.} 0-1

[Event "38th Barczay Memorial 2019"]
[Site "Zalakaros"]
[Date "2019.05.29"]
[Round "7.3"]
[White "Gschnitzer, Adrian"]
[Black "Srinath, Rao S.V."]
[Result "1/2-1/2"]
[WhiteElo "2419"]
[BlackElo "2395"]
[Annotator "TA"]
[PlyCount "33"]
[EventDate "2019.05.23"]
[EventType "swiss"]
[EventCountry "HUN"]
[SourceTitle "playchess.com"]
[Source "ChessBase"]
[SourceQuality "1"]

{[%evp 14,22,72,52,58,65,50,54,69,57,97]} 1. c4 Nf6 2. Nc3 g6 3. e4 d6 4. d4 Bg7 5. Be2 O-O 6. Be3 e5 7. d5 a5 8. g4 Na6 {White is slightly better. E73: King's Indian: Averbakh Variation without 6...c5} 9. g5 (9. h4 Nc5 10. f3 h5 11. g5 Nh7 12. Kd2 Bd7 13. Nh3 c6 14. Nf2 cxd5 15. exd5 f5 16. gxf6 Nxf6 17. Bxc5 dxc5 {0-1 (37) Vallejo Pons,F (2705)-Radjabov,T (2741) Palma de Mallorca 2017}) 9... Ne8 10. h4 f5 11. gxf6 Qxf6 {Predecessor:} 12. Qd2 $146 Nc5 13. O-O-O Bd7 14. h5 g5 15. h6 Bxh6 16. Nh3 Bxh3 17. Rxh3 {1-0 (29) Van Scheltinga,T-Medina Garcia,A Wijk aan Zee 1972} 1/2-1/2

[Event "38th Barczay Memorial 2019"]
[Site "Zalakaros"]
[Date "2019.05.29"]
[Round "7.4"]
[White "Almasi, Istvan"]
[Black "Videki, Sandor"]
[Result "0-1"]
[WhiteElo "2407"]
[BlackElo "2383"]
[Annotator "TA"]
[PlyCount "44"]
[EventDate "2019.05.23"]
[EventType "swiss"]
[EventCountry "HUN"]
[SourceTitle "playchess.com"]
[Source "ChessBase"]
[SourceQuality "1"]

{[%evp 9,76,-17,-18,0,-15,-19,-19,-4,-3,-26,56,44,58,40,38,0,0,-32,-23,-31,-16,-107,-61,-74,-66,-169,-184,-201,-195,-198,-141,-139,-128,-136,-140,-161,-138,-189,-177,-212,-168,-180,-149,-417,-423,-389,-285,-440,-168,-452,-459,-1058,-268,-607,-597,-1089,-910,-981,-747,-29988,-29981,-29981,-29982,-29982,-29983,-29983,-29984,-29983,-29984]} 1. d4 d5 2. c4 c6 3. Nc3 Nf6 4. Nf3 dxc4 5. e4 b5 $1 6. Be2 {D15: Slav Defence: 4 Nc3 a6 and gambit lines after 4 Nc3 dxc4} e6 7. O-O Bb7 8. b3 {The position is equal.} Bb4 9. e5 Nd5 $146 (9... Bxc3 $11 10. exf6 Bxa1 11. fxg7 Rg8) ({Predecessor:} 9... Bxc3 10. exf6 gxf6 11. Rb1 c5 12. bxc4 cxd4 13. Rxb5 Bc6 {1-0 (22) Dubov,D (2701)-Postny,E (2579) Batumi 2018}) 10. Ne4 $1 $14 cxb3 11. Qxb3 h6 12. a4 O-O 13. axb5 cxb5 14. Bxb5 a5 15. Nc5 (15. Qd3 $11 {remains equal.} Qb6 16. Bd2) 15... Bc6 16. Bd3 Nd7 17. Bb1 (17. Ne4 $1 $15) 17... Nxc5 $19 18. dxc5 Nc3 19. Be3 Bxf3 (19... Qc7 $19 20. Qb2 Bxf3 21. gxf3 Qxe5) 20. gxf3 $17 Qc7 21. f4 Rfd8 22. Qc4 Rac8 {Played: Qc7-c6} 0-1

[Event "38th Barczay Memorial 2019"]
[Site "Zalakaros"]
[Date "2019.05.29"]
[Round "7.5"]
[White "Radovanovic, Jovica"]
[Black "Horvath, Adam"]
[Result "1-0"]
[WhiteElo "2306"]
[BlackElo "2531"]
[Annotator "RC"]
[PlyCount "81"]
[EventDate "2019.05.23"]
[EventType "swiss"]
[EventCountry "HUN"]
[SourceTitle "playchess.com"]
[Source "ChessBase"]
[SourceQuality "1"]
[TimeControl "40/5400+30:1800+30"]

1. d4 {[%emt 0:01:02]} Nf6 {[%emt 0:00:06]} 2. c4 {[%emt 0:00:13]} e6 {[%emt 0:00:04]} 3. g3 {[%emt 0:00:10]} Bb4+ {[%emt 0:00:07]} 4. Bd2 {[%emt 0:00:09]} a5 {[%emt 0:00:04]} 5. Bg2 {[%emt 0:00:20]} O-O {[%emt 0:00:05]} 6. Nf3 {[%emt 0:01:38]} b6 {[%emt 0:00:13]} 7. Nc3 {[%emt 0:01:32]} Bb7 {[%emt 0:01:04]} 8. O-O {[%emt 0:00:39]} d6 {[%emt 0:00:10]} 9. Qc2 {[%emt 0:08:11]} Nbd7 {[%emt 0:00:24]} 10. Rad1 {[%emt 0:01:41]} Bxc3 {[%emt 0:00:28]} 11. Bxc3 {[%emt 0:00:26]} Be4 {[%emt 0:00:21]} 12. Qc1 {[%emt 0:00:55]} Qb8 {[%emt 0:01:24]} 13. Qf4 {[%emt 0:09:47]} b5 {[%emt 0:14:34]} 14. b3 {[%emt 0:11:16]} Qb7 {[%emt 0:05:32]} 15. Bh3 {[%emt 0:14:30]} b4 {[%emt 0:23:50]} 16. Bb2 {[%emt 0:01:16]} a4 {[%emt 0:00:04]} 17. Qe3 {[%emt 0:12:25]} a3 {[%emt 0:11:52]} 18. Bc1 {[%emt 0:03:04]} Rfe8 {[%emt 0:10:30]} 19. Bd2 {[%emt 0:07:14]} h6 {[%emt 0:01:26]} 20. Be1 {[%emt 0:00:40]} Rad8 {[%emt 0:01:54]} 21. Nd2 {[%emt 0:01:50]} Bg6 {[%emt 0:00:59]} 22. Bg2 {[%emt 0:06:29]} c6 {[%emt 0:00:35]} 23. Nf3 {[%emt 0:02:44]} Bc2 {[%emt 0:03:07]} 24. Rc1 {[%emt 0:00:30]} Be4 {[%emt 0:00:03]} 25. c5 {[%emt 0:02:36]} d5 {[%emt 0:02:51]} 26. Ne5 {[%emt 0:01:03]} Qb5 {[%emt 0:16:00]} 27. Nc4 {[%emt 0:07:53]} Ng4 {[%emt 0:02:42]} 28. Qf4 {[%emt 0:00:53]} Bxg2 {[%emt 0:00:58]} 29. Kxg2 {[%emt 0:01:25]} dxc4 {[%emt 0:02:17]} 30. bxc4 {[%emt 0:00:05]} Qa4 {[%emt 0:00:41]} 31. Qxg4 {[%emt 0:00:09]} e5 {[%emt 0:00:15]} 32. e3 {[%emt 0:01:01]} exd4 {[%emt 0:00:18]} 33. exd4 {[%emt 0:00:20]} b3 {[%emt 0:00:34]} 34. axb3 {[%emt 0:00:50]} Qxb3 {[%emt 0:00:02]} 35. Qf3 {[%emt 0:00:37]} Qa4 {[%emt 0:00:10]} 36. Bc3 {[%emt 0:01:40]} Rb8 {[%emt 0:01:25]} 37. Ba1 {[%emt 0:00:23]} Rb3 {[%emt 0:00:08]} 38. Qf5 {[%emt 0:00:24]} Nf8 {[%emt 0:01:06]} 39. d5 {[%emt 0:00:38]} Rb4 {[%emt 0:00:10]} 40. Rfe1 {[%emt 0:00:00]} Rd8 {[%emt 0:00:00]} 41. Re7 {[%emt 0:01:59]} 1-0

[Event "38th Barczay Memorial 2019"]
[Site "Zalakaros"]
[Date "2019.05.29"]
[Round "7.6"]
[White "Kantor, Gergely"]
[Black "Ianov, Viktor"]
[Result "1-0"]
[WhiteElo "2516"]
[BlackElo "2298"]
[Annotator "TA"]
[PlyCount "41"]
[EventDate "2019.05.23"]
[EventType "swiss"]
[EventCountry "HUN"]
[SourceTitle "playchess.com"]
[Source "ChessBase"]
[SourceQuality "1"]

{[%evp 9,41,-9,-20,-14,-16,-30,-26,-25,-18,-14,-8,-8,-17,-22,12,0,56,55,48,45,88,44,264,260,385,363,1029,960,1014,987,2230,2253,29996,29997]} 1. d4 d6 2. e4 Nf6 3. Nc3 e5 4. Nf3 Nbd7 5. g4 (5. Bc4 Be7 6. a4 O-O 7. O-O c6 8. Re1 a5 9. h3 Nb6 10. Ba2 Nfd7 11. Be3 exd4 12. Bxd4 Nc5 13. Bxc5 dxc5 14. Qe2 Qd6 15. Rad1 Qg6 16. Ne5 Qg5 17. Nf3 Qg6 18. Ne5 Qg5 19. Nf3 Qg6 20. Ne5 Qg5 {½-½ (20) Fressinet,L (2650)-Ponomariov,R (2663) Germany 2019}) 5... Nxg4 6. Rg1 {C41: Philidor Defence} Ngf6 7. Be3 c6 8. Qd2 {Black has an edge.} b5 $146 {[%cal Bb7b5,Bb5b4][%mdl 32]} ({Predecessor:} 8... Qa5 9. O-O-O {½-½ (53) Hansen,T (2439)-Lie,E (2455) Oslo 2010}) 9. O-O-O {And now dxe5 would win.} Qa5 $1 {Black wants to play ...b4.} 10. dxe5 dxe5 11. Kb1 b4 12. Na4 Nxe4 (12... g6 $11) 13. Qd3 $36 {[%mdl 2048] White is pushing.} Nd6 14. Qb3 $1 {Ng5 is the strong threat.} h6 $1 15. Bh3 {Threatens to win with Bxd7+.} Nb6 $2 ({Black should try} 15... Qb5 $1 $14) 16. Bxc8 $18 Qxa4 {[#]} ({Avoid the trap} 16... Ndxc8 $2 17. Nc5 $1 $18 {[%mdl 512]} (17. Qd3 Nd6 $16)) (16... Rxc8 {keeps fighting.} 17. Bxb6 axb6) 17. Bd7+ $1 {[%mdl 576] Deflection, Decoy} Kxd7 $2 (17... Ke7) (17... Nxd7 18. Qxa4) 18. Qxf7+ Kc8 {[#]} 19. Rxd6 $1 {[%mdl 576] Deflection} Bxd6 20. Rxg7 {Intending Qe6+ and mate.} Qa6 21. Qe6+ {[%mdl 64] Double Attack. Accuracy: White = 87%, Black = 28%.} 1-0

[Event "38th Barczay Memorial 2019"]
[Site "Zalakaros"]
[Date "2019.05.29"]
[Round "7.7"]
[White "Varga, Zoltan"]
[Black "Meszaros, Andras"]
[Result "1-0"]
[WhiteElo "2457"]
[BlackElo "2285"]
[Annotator "TA"]
[PlyCount "99"]
[EventDate "2019.05.23"]
[EventType "swiss"]
[EventCountry "HUN"]
[SourceTitle "playchess.com"]
[Source "ChessBase"]
[SourceQuality "1"]

{[%evp 9,99,16,41,43,41,16,33,0,0,0,0,0,0,-6,0,-8,0,-15,0,0,0,0,0,0,16,3,9,10,31,12,15,17,44,20,41,11,41,19,45,40,37,13,13,14,12,14,46,45,77,60,73,76,79,74,76,78,73,74,146,130,127,146,164,170,150,150,634,633,743,742,724,718,687,584,643,654,610,462,527,522,652,644,633,608,641,635,704,695,739,728,735,647]} 1. e4 c5 2. Nf3 Nc6 3. d4 cxd4 4. Nxd4 g6 5. Nxc6 dxc6 6. Qxd8+ {B34: Sicilian: Accelerated Dragon with 5 Nc3: sidelines} Kxd8 7. Bf4 f6 $146 ({Predecessor:} 7... Bg7 8. c3 Nf6 9. Nd2 b6 10. Be2 Be6 11. O-O Kc8 12. Ba6+ Kd7 13. Rad1 Rad8 14. Bb7 Ke8 15. Nf3 Rxd1 16. Rxd1 Nd7 17. Bxc6 h6 18. Be5 f6 19. Bc7 {1-0 (19) Toro,M (1929)-Jurado,Y (1530) Medellin 2018}) 8. e5 {White is slightly better.} Bh6 9. Bxh6 Nxh6 10. exf6 exf6 11. Nc3 Kc7 12. O-O-O Bf5 (12... Re8 {feels hotter.} 13. f3 f5 14. Bd3 Nf7 15. Rhe1 Bd7) 13. h3 (13. f3 {seems wilder.} Nf7 14. Bd3 Bxd3 15. Rxd3 f5 16. Re1) 13... Rad8 (13... Rae8 {is more complex.} 14. a3 Nf7 15. Bc4 Nd6 16. Rd4 h5) 14. Rxd8 Rxd8 15. g4 Be6 16. Bd3 Ng8 17. f4 Re8 18. Kd2 Bf7 19. h4 h6 20. a3 Re7 21. Rh2 b6 22. b4 Be8 23. Ne4 Bf7 24. c4 Be6 25. Nf2 f5 26. g5 Rh7 27. Nh3 Rd7 28. Kc3 h5 29. Ng1 b5 30. cxb5 Ne7 31. bxc6 Nd5+ 32. Kd2 Rd6 33. Ne2 Ne7 (33... Nb6 $142) 34. Nc3 $16 {Hoping for Nb5+.} Bc4 35. Rh3 Nxc6 {[#]} 36. Ke2 $1 Nd4+ 37. Kf2 Rc6 $2 {[#]} (37... Bxd3 $16 38. Rxd3 a6) 38. b5 $1 $18 {White is clearly winning.} Rc5 39. Na4 Bxd3 40. Nxc5 Bxb5 {[%mdl 4096] Endgame KRN-KBN} 41. Ke3 Nc2+ 42. Kd2 Nd4 43. Nb3 Ne6 44. Ke3 Bc4 45. Nd4 Nc5 46. Nf3 Bb5 47. Rh2 Ne4 48. Rc2+ Kd6 49. Rc8 Ke6 50. Kd4 {Accuracy: White = 63%, Black = 32%.} 1-0

[Event "38th Barczay Memorial 2019"]
[Site "Zalakaros"]
[Date "2019.05.29"]
[Round "7.8"]
[White "Peczely, Sebastian Zsombor"]
[Black "Horvath, Jozsef"]
[Result "1/2-1/2"]
[WhiteElo "2245"]
[BlackElo "2451"]
[Annotator "TA"]
[PlyCount "55"]
[EventDate "2019.05.23"]
[EventType "swiss"]
[EventCountry "HUN"]
[SourceTitle "playchess.com"]
[Source "ChessBase"]
[SourceQuality "1"]

{[%evp 12,55,35,7,10,3,1,14,40,37,37,29,37,10,20,-27,-29,-27,-25,-120,-47,-73,-72,-57,-51,-205,-191,-198,-196,-210,-217,-219,-201,-225,-66,-76,-71,-158,-152,-211,-106,-192,-42,-85,214,254]} 1. e4 d6 2. d4 Nf6 3. Nc3 e5 4. Nf3 exd4 5. Nxd4 Be7 6. Be2 O-O 7. Be3 Re8 {C41: Philidor Defence} 8. Qd2 Bf8 9. Bg5 (9. f3 d5 10. O-O-O c5 11. Nb3 d4 12. Bg5 Be6 13. e5 h6 14. Bh4 Bxb3 15. exf6 {0-1 (81) Polgar,J (2711)-Kazhgaleyev,M (2640) Almaty 2008}) 9... h6 {The position is equal.} 10. Bxf6 $1 Qxf6 11. O-O-O $146 ({Predecessor:} 11. Nd5 Qd8 12. f3 c6 13. Ne3 d5 14. exd5 Qg5 {0-1 (41) Ramsdal,J (2169)-Adan Bermudez,S (2402) Helsingor 2015}) 11... a6 ({Much weaker is} 11... Qxf2 $6 12. Rhf1 $16) 12. g4 Nc6 $1 13. Nxc6 bxc6 14. f4 Rb8 15. a3 {[#]} (15. h4 $11 {remains equal.}) 15... Rxe4 $1 {[%mdl 512]} 16. g5 $1 $15 {[%cal Rg5f6]} (16. Nxe4 Qxb2#) 16... hxg5 17. fxg5 Qe5 18. Bf3 $2 (18. Bd3 $1 $15 Rg4 19. Rde1) 18... Be7 $1 $19 {[%cal Re7g5]} 19. Rhg1 (19. Bxe4 $2 {perishes.} Bxg5 20. Bxc6 Be6 $19) 19... Re3 20. h4 d5 ({But not} 20... Rxf3 21. Rge1) 21. Rde1 d4 $1 {...Rxb2! is the strong threat.} 22. Nd1 {[%cal Re1e3]} Rxe1 $2 (22... Bxa3 $1 $19 23. g6 Be6 24. bxa3 Rxa3 $1 {[%mdl 512]} 25. gxf7+ Bxf7) 23. Rxe1 $15 Qd6 24. Re4 (24. Be2 $142) 24... c5 $17 25. Qe2 (25. Bg4 $17 {might work better.}) 25... Be6 (25... Kf8 $1 $19 26. Re5 g6) 26. g6 {[#]} (26. Bg4 $17) 26... Bf8 (26... Kf8 $1 $19 {aiming for ...c4.} 27. Re5 Rd8) 27. Bh5 {[#]} Bd5 $2 {[%mdl 8192]} (27... Rb6 $1 $17 {Hoping for ...f5.} 28. gxf7+ Kh7) 28. gxf7+ {[%mdl 32768] Accuracy: White = 39%, Black = 38%. . An unexpected result.} 1/2-1/2

[Event "38th Barczay Memorial 2019"]
[Site "Zalakaros"]
[Date "2019.05.29"]
[Round "7.9"]
[White "Borhy, Marcell"]
[Black "Doric, Nenad"]
[Result "1/2-1/2"]
[WhiteElo "2374"]
[BlackElo "2262"]
[Annotator "TA"]
[PlyCount "46"]
[EventDate "2019.05.23"]
[EventType "swiss"]
[EventCountry "HUN"]
[SourceTitle "playchess.com"]
[Source "ChessBase"]
[SourceQuality "1"]

{[%evp 17,46,20,21,3,3,3,6,6,0,0,0,-132,-136,-139,-131,-133,-138,-141,-125,-247,-257,-241,-248,-258,-275,-339,-62,-67,-61,-62,-66]} 1. d4 ({Predecessor:} 1. Nf3 d5 2. d4 Nf6 3. c4 e6 4. g3 dxc4 {½-½ (29) Ramirez Alvarez,A (2577)-Yang,D (2417) Richardson 2010}) 1... Nf6 2. c4 e6 3. g3 d5 4. Bg2 dxc4 5. Nf3 c5 6. O-O Nc6 7. Ne5 Bd7 8. Na3 cxd4 9. Naxc4 Be7 10. Qb3 {E04: Open Catalan: 5 Nf3} Qc7 11. Bf4 Nh5 12. Nxc6 {The position is equal.} Nxf4 13. Nxe7 Nxg2 14. Qb4 (14. Rac1 $11 {remains equal.} Kxe7 15. Qa3+ Kf6 16. Qf3+ Ke7 17. Qa3+ Kf6 18. Qf3+ Ke7 19. Qa3+) 14... a5 $17 {[#]} 15. Nd6+ $146 (15. Nd5 exd5 16. Nd6+ Kf8 17. Qa3 Kg8 {0-1 (42) Adly,A (2620)-Harikrishna,P (2743) Batumi 2018}) 15... Kxe7 16. Nf5+ Kf6 17. Qe7+ {[#]} Kg6 $1 ({Worse is} 17... Kxf5 18. Rac1 $16) 18. Nxd4 (18. Nd6 $17 Rhf8 19. Rfc1) 18... Rhe8 $19 19. Qa3 e5 20. Rac1 Qb6 21. Nf3 {[#]} Qb4 $2 (21... Bh3 $1 $19 {aiming for ...e4.} 22. Kh1 Kh6) 22. Kxg2 $15 Qxa3 23. bxa3 Bc6 1/2-1/2